[Catedral de Santiago de Compostela (Record no. 85805)

MARC details
000 -LEADER
campo de control de longitud fija 01388nkm a22002537a 4500
001 - NÚMERO DE CONTROL
campo de control 85805
005 - FECHA Y HORA DE LA ÚLTIMA TRANSACCIÓN
campo de control 20260417101301.0
007 - CAMPO FIJO DE DESCRIPCIÓN FÍSICA--INFORMACIÓN GENERAL
campo de control de longitud fija kh boc
008 - DATOS DE LONGITUD FIJA--INFORMACIÓN GENERAL
campo de control de longitud fija 260415s18601880sp ||||| |||| |0| i|spa d
040 ## - FUENTE DE CATALOGACIÓN
Centro catalogador/agencia de origen M-RABA
Lengua de catalogación spa
Centro/agencia transcriptor M-RABA
100 1# - ENTRADA PRINCIPAL--NOMBRE DE PERSONA
Nombre de persona Varela, Pedro
Títulos y otros términos asociados al nombre (fotógrafo)
9 (RLIN) 111671
245 11 - MENCIÓN DEL TÍTULO
Título [Catedral de Santiago de Compostela
Resto del título : vista del claustro]
Mención de responsabilidad, etc. / Valera, Pedro
Medio [Material gráfico]
260 ## - PUBLICACIÓN, DISTRIBUCIÓN, ETC.
Lugar de publicación, distribución, etc. : Lugo
Nombre del editor, distribuidor, etc. : Pedro Valera
Fecha de publicación, distribución, etc. , [1860-1880?]
300 ## - DESCRIPCIÓN FÍSICA
Extensión 1 fotografía
Otras características físicas : albúmina
Dimensiones ; imagen 24 x 18 cm
-- ; soporte secundario 24 x 18 cm
500 00 - NOTA GENERAL
Nota general Fotografía de la catedral de Santiago de Compostela, donde se representa una vista de una de las partes del claustro.<br/>Al fondo en la imagen podemos ver la puerta que correspondería en la actualidad con la entrada al Museo de la Catedral y al Tesoro.
500 00 - NOTA GENERAL
Nota general Fechas tomadas del periodo de actividad del fotógrafo en Lugo.
500 00 - NOTA GENERAL
Nota general En la parte inferior del soporte secundario se lee "P. Varela. Cruz, 9. Lugo"
610 27 - PUNTO DE ACCESO ADICIONAL DE MATERIA--NOMBRE DE ENTIDAD CORPORATIVA
Nombre de entidad corporativa o nombre de jurisdicción como elemento de entrada Catedral de Santiago de Compostela (La Coruña, España)
9 (RLIN) 15544
651 #7 - PUNTO DE ACCESO ADICIONAL DE MATERIA--NOMBRE GEOGRÁFICO
Nombre geográfico Santiago de Compostela (La Coruña, España)
9 (RLIN) 4750
655 #0 - TERMINO DE INDIZACIÓN--GENERO/FORMA
Datos o término principal de género/forma Fotografías de monumentos
9 (RLIN) 111580
852 ## - LOCALIZACIÓN
Número de control de estantería Fot-647
856 ## - LOCALIZACIÓN Y ACCESO ELECTRÓNICOS
Identificador Uniforme de Recurso <a href="https://archivoybiblioteca.realacademiabellasartessanfernando.com/cgi-bin/koha/opac-retrieve-file.pl?id=c186a2d8115873a86b7a8198870d7281">https://archivoybiblioteca.realacademiabellasartessanfernando.com/cgi-bin/koha/opac-retrieve-file.pl?id=c186a2d8115873a86b7a8198870d7281</a>
Texto de enlace Fot-647
942 ## - ELEMENTOS DE ENTRADA SECUNDARIOS (KOHA)
Tipo de ítem Koha Fotografías
Suprimir en OPAC No
Holdings
Estatus retirado Estado de pérdida Fuente de la clasificación o esquema de estantería Estado de daño No para préstamo Colección Biblioteca de origen Biblioteca actual Ubicación en estantería Fecha de adquisición Total de préstamos Signatura topográfica completa Código de barras Visto por última vez Precio de reemplazo Tipo de ítem Koha
    Clasificación Decimal Dewey     Fotografía Real Academia de la Bellas Artes de San Fernando Real Academia de la Bellas Artes de San Fernando Depósito 2 15/04/2026   Fot-647 1096915 15/04/2026 15/04/2026 Fotografías

Powered by Koha